[Event "17. Bayer Open"]
[Site "Leverkusen"]
[Date "2019.03.11"]
[Round "6.2"]
[White "Bruchmann, Norbert"]
[Black "Stillger, Bernhard"]
[Result "1-0"]
[WhiteElo "2111"]
[BlackElo "2233"]
[PlyCount "135"]
[EventDate "2019.??.??"]
[WhiteTeam "SG Ennepe-Ruhr-Süd"]
[BlackTeam "SV Mülheim-Nord"]

1. e4 Nc6 2. Nc3 Nf6 3. d4 d6 4. Nf3 g6 5. h3 Bg7 6. Be3 O-O 7. Bb5 a6 8. Bxc6
bxc6 9. Qd2 Rb8 10. O-O-O c5 11. Bh6 Bb7 12. Bxg7 Kxg7 13. dxc5 Qc8 14. Rhe1
dxc5 15. Qe3 Nd7 16. Na4 e5 17. Nxc5 Nxc5 18. Qxc5 f6 19. b3 Rf7 20. g4 h6 21.
Nd2 Qf8 22. Qxf8+ Rbxf8 23. Nc4 Bc8 24. Rg1 Be6 25. Ne3 Rb8 26. f3 Kf8 27. h4
Ke7 28. h5 g5 29. Rg2 Rd8 30. Rgd2 Rxd2 31. Rxd2 Rf8 32. c4 Rb8 33. Kb2 c6 34.
Kc3 a5 35. Nc2 Ra8 36. Ne1 Ra7 37. Nd3 Bc8 38. Nc5 Rc7 39. Kb2 Ra7 40. Ka3 Rc7
41. Kb2 Ra7 42. Kc3 Rc7 43. Na4 Bd7 44. c5 Be6 45. Rd6 Bf7 46. Nb6 Be8 47. Rd2
Bf7 48. a3 Be6 49. Rd6 Bf7 50. a4 Be6 51. b4 axb4+ 52. Kxb4 Bf7 53. a5 Be6 54.
a6 Kf7 55. Ka5 Ke7 56. Rxc6 Rxc6 57. a7 Rxc5+ 58. Kb4 Rc1 59. a8=Q Rb1+ 60. Kc5
Rc1+ 61. Kb5 Rb1+ 62. Kc6 Rc1+ 63. Kb7 Rb1 64. Qa3+ Kf7 65. Qd6 Rb3 66. Qc7+
Kg8 67. Qe7 Bf7 68. Qxf6 1-0

[Event "17. Bayer Open"]
[Site "Leverkusen"]
[Date "2019.03.11"]
[Round "6.3"]
[White "Henseler, Klaus"]
[Black "Mohaupt, Sascha"]
[Result "0-1"]
[WhiteElo "1951"]
[BlackElo "2190"]
[PlyCount "76"]
[EventDate "2019.??.??"]
[WhiteTeam "SC Bayer Leverkusen"]
[BlackTeam "SV Wermelskirchen"]

1. c4 e5 2. Nc3 Bb4 3. g3 Bxc3 4. dxc3 d6 5. Bg2 f5 6. Nf3 Nf6 7. b3 O-O 8. Ba3
Nc6 9. Qc2 Qe8 10. O-O-O a6 11. c5 d5 12. Rhf1 Qe7 13. Nd2 Be6 14. b4 b5 15.
Bb2 Rad8 16. e3 e4 17. f4 Ng4 18. Rde1 Nxh2 19. Rh1 Ng4 20. Nb3 Rf6 21. Rh4 Rh6
22. Rxh6 Nxh6 23. Rh1 Ng4 24. Qd2 Nf6 25. Bf1 Bf7 26. Be2 Qe8 27. Nd4 Nxd4 28.
Qxd4 Bh5 29. Bxh5 Nxh5 30. c4 dxc4 31. Qe5 Qxe5 32. Bxe5 Nxg3 33. Re1 c6 34.
Bd6 Kf7 35. Kd2 Nh5 36. Kc3 Nf6 37. Kd4 Ke6 38. Kc3 Nd5+ 0-1

[Event "17. Bayer Open"]
[Site "Leverkusen"]
[Date "2019.03.08"]
[Round "6.4"]
[White "Lindam, Ingo"]
[Black "Heller, Achim"]
[Result "0-1"]
[WhiteElo "2166"]
[BlackElo "2076"]
[PlyCount "70"]
[EventDate "2019.??.??"]
[WhiteTeam "Kölner SK Dr. Lasker"]
[BlackTeam "SG Ennepe-Ruhr-Süd"]

1. d4 d5 2. Nf3 Nf6 3. c4 c6 4. Qc2 dxc4 5. e4 b5 6. b3 cxb3 7. axb3 e6 8. Bd2
a5 9. Bd3 Bb7 10. O-O Be7 11. Rc1 h6 12. Nc3 Na6 13. e5 Nb4 14. exf6 Nxc2 15.
fxe7 Qxe7 16. Rxc2 O-O 17. Ne4 c5 18. Nxc5 Bxf3 19. gxf3 Rfd8 20. Be3 e5 21. d5
Rd6 22. Rd1 a4 23. b4 a3 24. Nb3 Qd7 25. Bc5 Rxd5 26. Rcd2 f5 27. Bxb5 Rxd2 28.
Bc4+ Kh8 29. Rxd2 Qe8 30. Na5 Qh5 31. Kf1 Qxf3 32. Bd5 Qh3+ 33. Bg2 Qc3 34. Ke2
e4 35. Nc6 a2 0-1

[Event "17. Bayer Open"]
[Site "Leverkusen"]
[Date "2019.03.08"]
[Round "6.5"]
[White "Werbeck, Torsten"]
[Black "Peschel, Andreas"]
[Result "1/2-1/2"]
[WhiteElo "2109"]
[BlackElo "2140"]
[PlyCount "42"]
[EventDate "2019.??.??"]
[WhiteTeam "Elberfelder SG"]
[BlackTeam "SG Solingen"]

1. Nf3 Nf6 2. c4 c5 3. Nc3 Nc6 4. g3 g6 5. Bg2 Bg7 6. O-O O-O 7. d4 cxd4 8.
Nxd4 d6 9. Nxc6 bxc6 10. Bxc6 Bh3 11. Bg2 Bxg2 12. Kxg2 Rc8 13. Qd3 Qc7 14. Nd5
Nxd5 15. cxd5 Qc2 16. Rd1 Qxd3 17. Rxd3 Rc2 18. Kf3 Bxb2 19. Bxb2 Rxb2 20. Ra3
Rb7 21. Rc1 Rfb8 1/2-1/2

[Event "17. Bayer Open"]
[Site "Leverkusen"]
[Date "2019.03.11"]
[Round "6.6"]
[White "Ramien, David"]
[Black "Kemper, Michael"]
[Result "1-0"]
[WhiteElo "2161"]
[BlackElo "1861"]
[PlyCount "57"]
[EventDate "2019.??.??"]
[WhiteTeam "SG Porz"]
[BlackTeam "SV Dormagen"]

1. e4 c5 2. Nf3 d6 3. d4 cxd4 4. Nxd4 Nf6 5. Nc3 g6 6. Be2 Bg7 7. O-O Nc6 8.
Nb3 O-O 9. Bg5 Be6 10. Kh1 Rc8 11. f4 Na5 12. f5 Bc4 13. Bd3 d5 14. e5 Ne4 15.
Bxe4 Bxf1 16. Nxd5 f6 17. Nxa5 gxf5 18. Nxb7 Qe8 19. Bxf5 fxg5 20. Bxc8 Bxe5
21. Qg4 Kh8 22. Bf5 Qb5 23. Ne3 Be2 24. Qh3 h5 25. Re1 Bf4 26. c4 Qxb2 27. Nc2
Qxb7 28. Rxe2 Qb1+ 29. Re1 1-0

[Event "17. Bayer Open"]
[Site "Leverkusen"]
[Date "2019.03.11"]
[Round "6.7"]
[White "ter Steeg, Marcus"]
[Black "Kuhn, Andreas"]
[Result "1-0"]
[WhiteElo "2059"]
[BlackElo "1895"]
[PlyCount "83"]
[EventDate "2019.??.??"]
[WhiteTeam "SF Essen-Werden"]
[BlackTeam "SG Niederkassel"]

1. c4 g6 2. g3 Bg7 3. Bg2 c5 4. Nc3 Nc6 5. a3 b6 6. e3 Bb7 7. Nf3 d6 8. O-O Qd7
9. d4 Nh6 10. d5 Ne5 11. Nxe5 Bxe5 12. e4 Bg7 13. h3 O-O 14. Bg5 Kh8 15. Qd2
Ng8 16. Be3 a6 17. a4 Rad8 18. Rab1 a5 19. f4 f5 20. b3 Bc8 21. Rbe1 Qc7 22.
Bf2 Nf6 23. e5 dxe5 24. fxe5 Nd7 25. e6 Nf6 26. Nb5 Qb8 27. Qg5 Ng8 28. Qe3
Rfe8 29. g4 f4 30. Qc1 Ba6 31. Nc3 Nf6 32. Bh4 h6 33. g5 hxg5 34. Bxg5 Nh5 35.
Bf3 Bd4+ 36. Kg2 Bf6 37. h4 Bxg5 38. hxg5 Rg8 39. Rh1 Rg7 40. Bxh5 gxh5 41.
Rxh5+ Kg8 42. Reh1 1-0

[Event "17. Bayer Open"]
[Site "Leverkusen"]
[Date "2019.03.11"]
[Round "6.8"]
[White "Vranidis, Athanassios"]
[Black "Marcziter, Dmitrii"]
[Result "0-1"]
[WhiteElo "1976"]
[BlackElo "2242"]
[PlyCount "78"]
[EventDate "2019.??.??"]
[WhiteTeam "SG Solingen"]
[BlackTeam "DJK Aufwärts Aachen"]

1. d4 g6 2. c4 Bg7 3. Nc3 d6 4. e4 Nc6 5. Be3 e5 6. d5 Nd4 7. Nge2 c5 8. dxc6
Nxc6 9. Nc1 Be6 10. Bd3 Nge7 11. O-O O-O 12. Nd5 f5 13. f3 Qd7 14. Nb3 f4 15.
Bf2 b6 16. Bh4 h6 17. Bxe7 Nxe7 18. Nxe7+ Qxe7 19. a4 a5 20. h3 Bf6 21. Kf2
Bh4+ 22. Ke2 Rac8 23. Qc2 Qf7 24. Nd2 Qc7 25. b3 Qc5 26. Qc3 Qe3+ 27. Kd1 Bf2
28. Ra2 Qc5 29. Kc1 Bd4 30. Qc2 Rf7 31. Nb1 Qb4 32. Nd2 Rfc7 33. Kd1 h5 34. Qb1
g5 35. Ke2 Rg7 36. Qc1 Be3 37. Bc2 g4 38. hxg4 hxg4 39. Rd1 gxf3+ 0-1

[Event "17. Bayer Open"]
[Site "Leverkusen"]
[Date "2019.03.11"]
[Round "6.9"]
[White "Schülke, Tilman"]
[Black "Peters, Alex"]
[Result "0-1"]
[WhiteElo "1956"]
[BlackElo "2179"]
[PlyCount "116"]
[EventDate "2019.??.??"]
[WhiteTeam "Düsseldorfer SV"]
[BlackTeam "Brühler SK"]

1. d4 Nf6 2. c3 e6 3. Bg5 Be7 4. Nd2 d5 5. e3 b6 6. h3 Bb7 7. Qc2 c5 8. Ngf3 h6
9. Bf4 Nc6 10. Rd1 cxd4 11. exd4 Rc8 12. Qb1 Bd6 13. Bxd6 Qxd6 14. Bb5 O-O 15.
O-O Nb8 16. Bd3 Ba6 17. Bxa6 Nxa6 18. Qd3 Nb8 19. Ne5 Ne8 20. Rde1 Nc6 21. Nxc6
Qxc6 22. Re3 Nd6 23. Rfe1 Nc4 24. Nxc4 Qxc4 25. Qxc4 Rxc4 26. f4 b5 27. a3 a5
28. Rf1 b4 29. axb4 axb4 30. f5 bxc3 31. bxc3 Rc6 32. Rff3 Ra8 33. Kh2 Ra2 34.
Kg3 exf5 35. Kf4 Rxg2 36. Ke5 f4 37. Rd3 Rg5+ 38. Kxf4 Kf8 39. Ke3 Rg2 40. Rf2
Re6+ 41. Kf3 Rxf2+ 42. Kxf2 f5 43. Rd1 Rc6 44. Rc1 Kf7 45. Ke3 g5 46. Kf3 Kg6
47. Rc2 h5 48. Rc1 g4+ 49. Kf4 Re6 50. hxg4 fxg4 51. Ra1 Rf6+ 52. Kg3 Rf3+ 53.
Kh2 Kf5 54. Re1 Kg5 55. Re5+ Rf5 56. Re3 h4 57. Re8 Rf2+ 58. Kg1 Rc2 0-1

[Event "17. Bayer Open"]
[Site "Leverkusen"]
[Date "2019.03.11"]
[Round "6.10"]
[White "Ljuboschiz, Alexander"]
[Black "Scharff, Klaus"]
[Result "1-0"]
[WhiteElo "2055"]
[BlackElo "1914"]
[PlyCount "75"]
[EventDate "2019.??.??"]
[WhiteTeam "SC Tornado Hochneukirch"]
[BlackTeam "SV Opladen"]

1. e4 e6 2. d4 d6 3. Bd3 Nd7 4. Qe2 Ne7 5. f4 g6 6. Nf3 Bg7 7. O-O O-O 8. c4 c5
9. d5 exd5 10. cxd5 Re8 11. Qf2 Nf6 12. Nc3 a6 13. a4 Bd7 14. Re1 Bg4 15. Be3
Rb8 16. h3 Bd7 17. a5 b5 18. axb6 Qxb6 19. Rxa6 Qxb2 20. Qxb2 Rxb2 21. Rxd6 Rb3
22. Bd2 Nc8 23. Ra6 Nxd5 24. exd5 Bxc3 25. Rxe8+ Bxe8 26. Bc2 Rb2 27. Bxc3 Rxc2
28. Bf6 Rc1+ 29. Kf2 Rd1 30. Ra8 Nd6 31. Be7 Ne4+ 32. Ke3 f5 33. d6 Kf7 34.
Ne5+ Ke6 35. Rxe8 Re1+ 36. Kd3 Kd5 37. d7 c4+ 38. Nxc4 1-0

[Event "17. Bayer Open"]
[Site "Leverkusen"]
[Date "2019.03.11"]
[Round "6.11"]
[White "Hansel, Rainer"]
[Black "Borchert, Stephan"]
[Result "1-0"]
[WhiteElo "1823"]
[BlackElo "1983"]
[PlyCount "77"]
[EventDate "2019.??.??"]
[WhiteTeam "SF Köln-Longerich"]
[BlackTeam "SG Solingen"]

1. d4 Nf6 2. c4 g6 3. Nc3 d5 4. g3 dxc4 5. Qa4+ Bd7 6. Qxc4 Bc6 7. Nf3 Nbd7 8.
Bg2 e6 9. O-O Bg7 10. b4 Nb6 11. Qb3 a6 12. Rd1 O-O 13. Bg5 h6 14. Bxf6 Qxf6
15. e4 Rfd8 16. Ne5 Be8 17. Rac1 Nd7 18. Nc4 Rab8 19. e5 Qe7 20. Na5 c6 21. Na4
Qg5 22. f4 Qg4 23. Bf3 Qf5 24. Nc4 b5 25. Qe3 bxc4 26. g4 Qd3 27. Rxd3 cxd3 28.
a3 a5 29. bxa5 Ra8 30. Nc5 Nxc5 31. Rxc5 Bf8 32. Rc3 Rxa5 33. Qxd3 Ra4 34. Rc4
Rxa3 35. Rc3 Ra1+ 36. Kg2 c5 37. d5 exd5 38. Bxd5 Bc6 39. Qxg6+ 1-0

[Event "17. Bayer Open"]
[Site "Leverkusen"]
[Date "2019.03.11"]
[Round "6.12"]
[White "Meyer-Kahlen, Stefan"]
[Black "Kies, Werner"]
[Result "1-0"]
[WhiteElo "1941"]
[BlackElo "2032"]
[PlyCount "73"]
[EventDate "2019.??.??"]
[WhiteTeam "SC Erkrath"]
[BlackTeam "SC Bayer Leverkusen"]

1. d4 Nf6 2. c4 e6 3. Nc3 Bb4 4. e3 b6 5. Nge2 Bb7 6. a3 Be7 7. d5 O-O 8. Ng3
a5 9. e4 d6 10. Be2 Nbd7 11. Be3 Nc5 12. b4 Ncd7 13. O-O Ne8 14. Bg4 e5 15. Qd2
g6 16. Nb5 Ng7 17. Bh6 Nf6 18. Be2 Bc8 19. h3 Nfe8 20. f4 Bh4 21. Kh2 axb4 22.
axb4 Rxa1 23. Rxa1 f5 24. fxe5 dxe5 25. Nf1 f4 26. Ra8 Nd6 27. Nc3 Qe7 28. c5
Nf7 29. Bxg7 Kxg7 30. d6 cxd6 31. Nd5 Qg5 32. Nxb6 Bg3+ 33. Kh1 Bxh3 34. gxh3
Bf2 35. Bg4 Rxa8 36. Nxa8 Bd4 37. c6 1-0

[Event "17. Bayer Open"]
[Site "Leverkusen"]
[Date "2019.03.11"]
[Round "6.13"]
[White "Claßen, Harald"]
[Black "Birnkott, Manfred"]
[Result "1-0"]
[WhiteElo "1950"]
[BlackElo "1912"]
[PlyCount "35"]
[EventDate "2019.??.??"]
[WhiteTeam "SC Bayer Leverkusen"]
[BlackTeam "SC Bayer Leverkusen"]

1. c4 e6 2. Nc3 d5 3. d4 Nf6 4. Nf3 c6 5. e3 Bd6 6. Qc2 Nbd7 7. Bd3 O-O 8. O-O
Re8 9. e4 dxe4 10. Nxe4 Nxe4 11. Bxe4 f5 12. Bd3 Nf6 13. Re1 Qc7 14. Bg5 Nh5
15. Bxf5 Nf6 16. Bh3 e5 17. Bxc8 Raxc8 18. c5 1-0

[Event "17. Bayer Open"]
[Site "Leverkusen"]
[Date "2019.03.11"]
[Round "6.14"]
[White "Sohlmann, Jan-Henning"]
[Black "Beyer, Fabian"]
[Result "1-0"]
[WhiteElo "2240"]
[BlackElo "1884"]
[PlyCount "67"]
[EventDate "2019.??.??"]
[WhiteTeam "SV Welper"]
[BlackTeam "SG Solingen"]

1. b4 d5 2. Bb2 a6 3. Nf3 Nc6 4. a3 Bg4 5. e3 Bxf3 6. Qxf3 e6 7. c4 dxc4 8.
Bxc4 Nf6 9. d4 Be7 10. Nc3 O-O 11. O-O Nxd4 12. exd4 Qxd4 13. Bb3 c6 14. Rfd1
Qh4 15. Qg3 Qxg3 16. hxg3 Rfd8 17. Rxd8+ Rxd8 18. Rd1 Rxd1+ 19. Bxd1 Nd5 20.
Ne4 f5 21. Nc5 Bxc5 22. bxc5 Kf7 23. Bb3 g5 24. Kf1 f4 25. g4 b5 26. Ke2 a5 27.
Kd3 a4 28. Bxd5 exd5 29. Kd4 Ke6 30. Bc3 h6 31. Kd3 Kf7 32. Bd4 Kg6 33. Kc3 h5
34. f3 1-0

[Event "17. Bayer Open"]
[Site "Leverkusen"]
[Date "2019.03.11"]
[Round "6.16"]
[White "Hennig, Edgar Paul"]
[Black "Bär, Marco"]
[Result "1/2-1/2"]
[WhiteElo "1910"]
[BlackElo "2065"]
[PlyCount "34"]
[EventDate "2019.??.??"]
[WhiteTeam "Satranç Club"]
[BlackTeam "SC Bayer Leverkusen"]

1. e4 c5 2. Nf3 Nc6 3. c3 d6 4. d4 Nf6 5. Bd3 Bg4 6. d5 Ne5 7. Nxe5 dxe5 8.
Qxg4 Nxg4 9. Bb5+ Qd7 10. Bxd7+ Kxd7 11. Na3 g6 12. f3 Nh6 13. Nc4 f6 14. a4
Nf7 15. Be3 Nd6 16. Nxd6 exd6 17. c4 Be7 1/2-1/2

[Event "17. Bayer Open"]
[Site "Leverkusen"]
[Date "2019.03.11"]
[Round "6.17"]
[White "Schimpf, Rolf"]
[Black "Raupach, Gregor"]
[Result "0-1"]
[WhiteElo "1895"]
[BlackElo "1992"]
[PlyCount "68"]
[EventDate "2019.??.??"]
[WhiteTeam "SC Bayer Leverkusen"]
[BlackTeam "SF Stadtverwaltung Bonn"]

1. c4 Nf6 2. Nc3 d5 3. d4 e6 4. cxd5 Nxd5 5. Nf3 Bb4 6. Bd2 O-O 7. Nxd5 Bxd2+
8. Qxd2 Qxd5 9. e3 Bd7 10. Bd3 Bc6 11. O-O Rd8 12. a3 Nd7 13. Rac1 Rac8 14.
Rfe1 Qh5 15. Be2 Qg6 16. Qc2 Be4 17. Qa4 Nb6 18. Qb4 Nd5 19. Qb3 h6 20. g3 Nf6
21. Nh4 Qh7 22. Bf3 g5 23. Bxe4 Nxe4 24. Ng2 b6 25. Rc6 Nd2 26. Qd1 Qe4 27.
Qxd2 Qxc6 28. Rc1 Qd6 29. Ne1 c5 30. Nf3 e5 31. Qe2 exd4 32. exd4 cxd4 33. Rd1
d3 34. Qe4 Qd5 0-1

[Event "17. Bayer Open"]
[Site "Leverkusen"]
[Date "2019.03.11"]
[Round "6.20"]
[White "Höfer, Severin Paul"]
[Black "Ipekyilmaz, Tayfun"]
[Result "1/2-1/2"]
[WhiteElo "1943"]
[BlackElo "1741"]
[PlyCount "34"]
[EventDate "2019.??.??"]
[WhiteTeam "SF Stadtverwaltung Bonn"]
[BlackTeam "Langenfelder SF"]

1. e4 e5 2. Nf3 Nc6 3. Bb5 f5 4. Nc3 fxe4 5. Nxe4 Nf6 6. Qe2 d6 7. d4 Bd7 8.
Nxf6+ gxf6 9. Ng5 h5 10. Qd3 Ne7 11. Ne6 Qc8 12. d5 Bxb5 13. Qxb5+ c6 14. dxc6
bxc6 15. Qb3 Rb8 16. Qh3 Kf7 17. Nxf8 Qxh3 1/2-1/2

[Event "17. Bayer Open"]
[Site "Leverkusen"]
[Date "2019.03.11"]
[Round "6.21"]
[White "Falge, Rainer"]
[Black "Gutt, Oswald"]
[Result "1/2-1/2"]
[WhiteElo "1678"]
[BlackElo "1936"]
[PlyCount "46"]
[EventDate "2019.??.??"]
[WhiteTeam "Langenfelder SF"]
[BlackTeam "Bergische SF"]

1. e4 d6 2. d4 Nf6 3. Nc3 g6 4. f4 Bg7 5. Nf3 c5 6. d5 O-O 7. Bd3 Bg4 8. h3
Bxf3 9. Qxf3 Na6 10. a3 Nc7 11. Bd2 e6 12. O-O-O a6 13. g4 exd5 14. h4 dxe4 15.
Nxe4 Nxe4 16. Bxe4 d5 17. Bd3 Ne6 18. h5 c4 19. Bf1 Qf6 20. c3 Rfd8 21. Rh3 Nc5
22. hxg6 hxg6 23. Kb1 Ne4 1/2-1/2

[Event "17. Bayer Open"]
[Site "Leverkusen"]
[Date "2019.03.11"]
[Round "6.22"]
[White "van Schyndel, Andreas"]
[Black "Janssen, Wolfgang"]
[Result "1-0"]
[WhiteElo "1930"]
[BlackElo "1675"]
[PlyCount "55"]
[EventDate "2019.??.??"]
[WhiteTeam "SV Grünfeld"]
[BlackTeam "SV Dormagen"]

1. d4 Nf6 2. c4 g6 3. Nc3 Bg7 4. e4 d6 5. f4 O-O 6. Nf3 a5 7. Bd3 c5 8. dxc5
dxc5 9. e5 Ne8 10. Qe2 Bg4 11. Be4 Nc6 12. Bxc6 bxc6 13. Be3 Qb6 14. O-O f6 15.
Na4 Qc7 16. exf6 Bxf6 17. Nxc5 Ng7 18. h3 Bxf3 19. Rxf3 Rfb8 20. Rb1 Nf5 21.
Ne6 Qc8 22. Bc5 Rxb2 23. Rxb2 Bxb2 24. Qxb2 Qxe6 25. Qc3 Rb8 26. Rf1 Qe4 27.
Qe5 Qxc4 28. Qxb8+ 1-0

[Event "17. Bayer Open"]
[Site "Leverkusen"]
[Date "2019.03.11"]
[Round "6.23"]
[White "Blumenthal, Ralf"]
[Black "Gülden, Ralf"]
[Result "0-1"]
[WhiteElo "1913"]
[BlackElo "1666"]
[PlyCount "64"]
[EventDate "2019.??.??"]
[WhiteTeam "SK Turm Euskirchen"]
[BlackTeam "Königsspringer Leverkusen"]

1. e4 c5 2. Nf3 d6 3. d4 cxd4 4. c3 Nf6 5. e5 dxe5 6. Nxe5 Nbd7 7. Qa4 a6 8.
cxd4 e6 9. Bg5 Be7 10. Nc3 O-O 11. Rd1 Nb6 12. Qc2 Nfd5 13. Bxe7 Qxe7 14. a3
Bd7 15. Ne4 Rac8 16. Qb1 Ba4 17. Rc1 Rxc1+ 18. Qxc1 Rc8 19. Nc5 Nd7 20. Nexd7
Bxd7 21. Qd2 Bc6 22. Nd3 Qh4 23. Nc1 Qe4+ 24. Ne2 Bb5 25. f3 Qb1+ 26. Kf2 Bxe2
27. Qa5 Bxf1 28. Rxf1 Qxb2+ 29. Kg3 Qc3 30. Qa4 g6 31. Rb1 Qc7+ 32. Kh3 Nc3 0-1

[Event "17. Bayer Open"]
[Site "Leverkusen"]
[Date "2019.03.11"]
[Round "6.24"]
[White "Lasser, Rene"]
[Black "Ziabari, Morteza"]
[Result "0-1"]
[WhiteElo "1826"]
[BlackElo "1927"]
[PlyCount "92"]
[EventDate "2019.??.??"]
[WhiteTeam "Königsspringer Leverkusen"]
[BlackTeam "Kettwiger SG"]

1. e4 d6 2. f4 Nf6 3. Nc3 c6 4. d4 Qa5 5. Bd3 e5 6. a3 exd4 7. b4 Qc7 8. Nce2
c5 9. Nf3 c4 10. Nexd4 cxd3 11. cxd3 Qc3+ 12. Bd2 Qxd3 13. Rc1 Qxe4+ 14. Kf2
Ng4+ 15. Kg3 Be6 16. Re1 Qd5 17. f5 Nf6 18. Qe2 Nc6 19. fxe6 Nxd4 20. exf7+
Kxf7 21. Rc7+ Kg8 22. Nxd4 Re8 23. Qc4 Ne4+ 24. Rxe4 Qxc4 25. Rxc4 Rxe4 26. Bc3
d5 27. Rc8 h5 28. Nf5 Kh7 29. Kf3 Rc4 30. Rxc4 dxc4 31. Ke4 g6 32. Ne3 Bg7 33.
Bxg7 Kxg7 34. Nxc4 Re8+ 35. Kf3 Re6 36. b5 g5 37. h3 Rf6+ 38. Ke3 Rf4 39. Nd6
Ra4 40. Nxb7 Rxa3+ 41. Kf2 Kg6 42. Nd6 Kf6 43. Nc8 Ke5 44. b6 a5 45. Na7 Ra2+
46. Kf3 Kd5 0-1

[Event "17. Bayer Open"]
[Site "Leverkusen"]
[Date "2019.03.11"]
[Round "6.25"]
[White "Moors, Christoph"]
[Black "Gnass, Arno"]
[Result "1/2-1/2"]
[WhiteElo "2034"]
[BlackElo "1769"]
[PlyCount "105"]
[EventDate "2019.??.??"]
[WhiteTeam "SC Erkrath"]
[BlackTeam "Bergische SF"]

1. d4 Nf6 2. c4 g6 3. Nc3 d5 4. cxd5 Nxd5 5. e4 Nxc3 6. bxc3 Bg7 7. Qa4+ Bd7 8.
Qa3 O-O 9. Nf3 a5 10. Bg5 Re8 11. Be2 h6 12. Be3 e6 13. O-O Bc6 14. e5 Nd7 15.
c4 Nb6 16. Rfd1 Qe7 17. Qc1 Kh7 18. Nd2 Ba4 19. Nb3 c5 20. dxc5 Nd7 21. f4 Bxb3
22. axb3 Nxc5 23. Qc2 b6 24. Rd6 Qc7 25. Bf3 Rab8 26. Rc6 Qe7 27. Bxc5 bxc5 28.
Rxa5 Ra8 29. Qa2 Rxa5 30. Qxa5 f6 31. Qxc5 fxe5 32. fxe5 Qg5 33. Rc7 Qc1+ 34.
Kf2 Qd2+ 35. Kf1 Qc1+ 36. Kf2 Qd2+ 37. Kg3 Qg5+ 38. Kh3 Qf5+ 39. Bg4 Qd3+ 40.
Bf3 Qf5+ 41. Bg4 Qd3+ 42. g3 Qf1+ 43. Kh4 Qg2 44. h3 Qd2 45. Rxg7+ Kxg7 46.
Qc7+ Kf8 47. Qd6+ Qxd6 48. exd6 Rb8 49. c5 Rb4 50. c6 Ke8 51. d7+ Kd8 52. c7+
Kxd7 53. c8=Q+ 1/2-1/2

[Event "17. Bayer Open"]
[Site "Leverkusen"]
[Date "2019.03.11"]
[Round "6.26"]
[White "Boschek, Hans-Joachim"]
[Black "Yon, Gregory"]
[Result "1-0"]
[WhiteElo "1922"]
[BlackElo "1655"]
[PlyCount "51"]
[EventDate "2019.??.??"]
[WhiteTeam "SG Solingen"]
[BlackTeam "Bergische SF"]

1. Nf3 f5 2. d3 Nf6 3. e4 fxe4 4. dxe4 Nxe4 5. Bd3 Nf6 6. Ng5 e6 7. Nxh7 d5 8.
Bg6+ Ke7 9. Bg5 Nbd7 10. Nc3 c6 11. Qe2 Qa5 12. O-O-O Kd6 13. Nxf8 Nxf8 14. Bd3
Bd7 15. Bf4+ Ke7 16. Qe5 b5 17. Kb1 b4 18. Ne4 Qb6 19. Qd6+ Ke8 20. Nc5 a5 21.
Rhe1 Rh4 22. Nxd7 N8xd7 23. Qxe6+ Kd8 24. Bg5 Rh8 25. Bf5 c5 26. Qxd7# 1-0

[Event "17. Bayer Open"]
[Site "Leverkusen"]
[Date "2019.03.11"]
[Round "6.27"]
[White "Witte, Volker"]
[Black "Jiritschka, Wolfgang"]
[Result "1/2-1/2"]
[WhiteElo "1787"]
[BlackElo "1891"]
[PlyCount "42"]
[EventDate "2019.??.??"]
[WhiteTeam "SF Schlebusch"]
[BlackTeam "SC Bayer Leverkusen"]

1. d4 Nf6 2. c4 c5 3. d5 b5 4. Qc2 bxc4 5. e4 d6 6. Bxc4 g6 7. Nf3 Bg7 8. O-O
O-O 9. Na3 Nbd7 10. Rb1 Ng4 11. h3 Nge5 12. Nxe5 Nxe5 13. f4 Nxc4 14. Nxc4 f5
15. b3 Bd4+ 16. Be3 fxe4 17. Rbd1 Bxe3+ 18. Nxe3 Qb6 19. Nc4 Qc7 20. Rde1 Rf7
21. g4 a5 1/2-1/2

[Event "17. Bayer Open"]
[Site "Leverkusen"]
[Date "2019.03.11"]
[Round "6.28"]
[White "Bigott, Martin"]
[Black "Blomeyer, Peter"]
[Result "0-1"]
[WhiteElo "1769"]
[BlackElo "1885"]
[PlyCount "64"]
[EventDate "2019.??.??"]
[WhiteTeam "SF Lohmar"]
[BlackTeam "Königsspringer Leverkusen"]

1. e4 d6 2. d4 Nf6 3. Bd3 e5 4. c3 Be7 5. f4 exf4 6. Bxf4 O-O 7. Nf3 a6 8. Qc2
Nh5 9. Be3 g6 10. Nbd2 c5 11. O-O-O b5 12. e5 c4 13. Be2 Bf5 14. Ne4 d5 15.
Nfd2 Ng7 16. g4 Bxe4 17. Nxe4 dxe4 18. Qxe4 Nd7 19. h4 Nb6 20. d5 Re8 21. Bf3
Rb8 22. h5 Rf8 23. hxg6 fxg6 24. d6 Bg5 25. e6 Rxf3 26. Qxf3 Nxe6 27. Bxg5 Nxg5
28. Qe3 Nf7 29. Rh2 Nd7 30. Qe7 Nde5 31. Rdh1 Qxe7 32. dxe7 h6 0-1

[Event "17. Bayer Open"]
[Site "Leverkusen"]
[Date "2019.03.11"]
[Round "6.29"]
[White "Milz, Ulrich"]
[Black "Hoffmann, Frank"]
[Result "1/2-1/2"]
[WhiteElo "1662"]
[BlackElo "1843"]
[PlyCount "73"]
[EventDate "2019.??.??"]
[WhiteTeam "SC Bayer Leverkusen"]
[BlackTeam "SV Springer Hitdorf"]

1. e4 e6 2. Bc4 d5 3. exd5 exd5 4. Bb3 Nf6 5. h3 Bd6 6. Nc3 c6 7. a3 O-O 8. Nf3
Re8+ 9. Ne2 Qc7 10. O-O Nbd7 11. d3 h6 12. Kh1 Nf8 13. c4 dxc4 14. dxc4 Bf5 15.
Bc2 Bxc2 16. Qxc2 Rad8 17. Ned4 Bf4 18. Bxf4 Qxf4 19. Rad1 g6 20. b4 Qc7 21.
Rfe1 N8d7 22. Re2 Rxe2 23. Qxe2 Re8 24. Qc2 Ne4 25. Re1 Ndf6 26. Re2 Qd6 27. c5
Qd5 28. Qb3 Qxb3 29. Nxb3 Ng3+ 30. fxg3 Rxe2 31. Na5 Re7 32. Nd2 Rc7 33. Nac4
Kf8 34. Nd6 Ke7 35. b5 cxb5 36. Nxb5 a6 37. Nxc7 1/2-1/2

[Event "17. Bayer Open"]
[Site "Leverkusen"]
[Date "2019.03.11"]
[Round "6.30"]
[White "Diaubalick, Ulrich"]
[Black "Schäde, Maximilian"]
[Result "1/2-1/2"]
[WhiteElo "1661"]
[BlackElo "1839"]
[PlyCount "85"]
[EventDate "2019.??.??"]
[WhiteTeam "SF Düsseldorf-Süd"]
[BlackTeam "SF Brackel"]

1. e4 c5 2. Nf3 d6 3. Bc4 e6 4. c3 Nf6 5. d3 a6 6. Bg5 Nbd7 7. O-O b5 8. Bb3
Bb7 9. Nbd2 Be7 10. Rc1 O-O 11. Bc2 Rc8 12. d4 cxd4 13. cxd4 Nb6 14. b3 Rc7 15.
Bb1 h6 16. Bh4 Re8 17. Re1 Qc8 18. Rxc7 Qxc7 19. Qc2 Qxc2 20. Bxc2 Rc8 21. Bb1
g5 22. Bg3 Nh5 23. Nf1 g4 24. N3d2 Bg5 25. Bxd6 a5 26. Bc5 Nd7 27. b4 Nf4 28.
Nb3 a4 29. Nbd2 e5 30. Ng3 Ne6 31. Ndf1 Nxd4 32. Bxd4 exd4 33. Nf5 Ne5 34. Nxd4
Rc4 35. Nxb5 Rxb4 36. Nd6 Ba6 37. Nf5 Nd3 38. Rd1 Nf4 39. N1e3 Ne2+ 40. Kh1 Nc3
41. Nd5 Nxd5 42. exd5 Be2 43. Re1 1/2-1/2

[Event "17. Bayer Open"]
[Site "Leverkusen"]
[Date "2019.03.11"]
[Round "6.31"]
[White "Paul, André David"]
[Black "Linke, Michael"]
[Result "1/2-1/2"]
[WhiteElo "1648"]
[BlackElo "1819"]
[PlyCount "70"]
[EventDate "2019.??.??"]
[WhiteTeam "Kölner SK Dr. Lasker"]

1. d4 d5 2. c4 e6 3. Nc3 c6 4. e3 Bd6 5. Nf3 f5 6. b3 Nf6 7. Bd3 Nbd7 8. cxd5
exd5 9. Bxf5 O-O 10. Qc2 Qe8 11. Ng5 Qh5 12. Be6+ Kh8 13. Nf3 Ng4 14. h3 Nh6
15. g4 Qe8 16. Ng5 Nf6 17. Bxc8 Rxc8 18. Qd3 Qe7 19. O-O Rce8 20. f3 Nf7 21.
Nxf7+ Rxf7 22. Bd2 Nd7 23. Rae1 Qh4 24. Qe2 Qxh3 25. Qg2 Qh4 26. Re2 Ref8 27.
Be1 Qf6 28. f4 Qg6 29. Rd2 Qe6 30. Qh3 Nf6 31. f5 Qe7 32. Bh4 Re8 33. Re2 Qf8
34. Bg3 Bxg3 35. Qxg3 Ne4 1/2-1/2